Strategic plan of mangrove resources mangement in preah sihanouk""ream"nationl park (ផែនការយុទ្ធសាស្រ្តនៃការគ្រប់គ្រងធនធានព្រៃកោងកាងនៅក្នុងឧទ្យានជាតិព្រះសីហនុ "រាម") (Record no. 3201)
[ view plain ]
| 000 -LEADER | |
|---|---|
| fixed length control field | 00677nam a22001577a 4500 |
| 003 - CONTROL NUMBER IDENTIFIER | |
| control field | OSt |
| 005 - DATE AND TIME OF LATEST TRANSACTION | |
| control field | 20151106092852.0 |
| 008 - FIXED-LENGTH DATA ELEMENTS--GENERAL INFORMATION | |
| fixed length control field | 151106b xxu||||| |||| 00| 0 eng d |
| 040 ## - CATALOGING SOURCE | |
| Transcribing agency | `RUA |
| 082 ## - DEWEY DECIMAL CLASSIFICATION NUMBER | |
| Classification number | FOR AN 2002 B128 Or.1 |
| 100 ## - MAIN ENTRY--PERSONAL NAME | |
| 9 (RLIN) | 3431 |
| Personal name | AN, PUTHEARA. |
| 245 ## - TITLE STATEMENT | |
| Title | Strategic plan of mangrove resources mangement in preah sihanouk""ream"nationl park (ផែនការយុទ្ធសាស្រ្តនៃការគ្រប់គ្រងធនធានព្រៃកោងកាងនៅក្នុងឧទ្យានជាតិព្រះសីហនុ "រាម") |
| 260 ## - PUBLICATION, DISTRIBUTION, ETC. (IMPRINT) | |
| Place of publication, distribution, etc. | Phnom Penh |
| Name of publisher, distributor, etc. | RUA |
| Date of publication, distribution, etc. | 2002 |
| 300 ## - PHYSICAL DESCRIPTION | |
| Extent | 56p. |
| Other physical details | ill. |
| Dimensions | 29cm. |
| 942 ## - ADDED ENTRY ELEMENTS (KOHA) | |
| Source of classification or shelving scheme | |
| Koha item type | FOR |
| Price effective from | Date last seen | Permanent Location | Not for loan | Date acquired | Source of classification or shelving scheme | Koha item type | Lost status | Withdrawn status | Date last checked out | Total Checkouts | Shelving location | Damaged status | Barcode | Current Location | Full call number |
|---|---|---|---|---|---|---|---|---|---|---|---|---|---|---|---|
| 2015-11-06 | 2015-11-06 | Library Block B | 2015-11-06 | FOR | B128 | RUA028796` | Library Block B | FOR AN 2002 B128 Or.1 | |||||||
| 2015-11-06 | 2015-11-06 | Library Block B | 2015-11-06 | FOR | B128 | RUA028724 | Library Block B | FOR AN 2002 B128 Or.2 | |||||||
| 2015-11-06 | 2020-02-07 | Library Block B | 2015-11-06 | FOR | 2020-01-10 | 1 | B128 | RUA028123 | Library Block B | FOR AN 2002 B128 Or.3 | |||||
| 2015-11-06 | 2015-11-06 | Library Block B | 2015-11-06 | FOR | B128 | RUA028122 | Library Block B | FOR AN 2002 B128 Or.4 | |||||||
| 2015-11-06 | 2019-03-22 | Library Block B | 2015-11-06 | FOR | 2019-03-22 | 3 | B128 | RUA028050 | Library Block B | FOR AN 2002 B128 Or.5 | |||||
| 2015-11-06 | 2015-11-06 | Library Block B | 2015-11-06 | FOR | B128 | RUA028476 | Library Block B | FOR AN 2002 B128 Or.6 |